000
00259nam a22001217a 4500
008
170601b xxu||||| |||| 00| 0 eng d
041
_a
eng
080
_a
94
100
_a
17
101
_a
SHH
245
_a
JAPAN'S MODERN CENTURY
_c
BORTON,H
942
_2
udc
_c
BK
999
_c
15322
_d
15322